000 00259nam a2200109Ia 4500
008 220204s9999 xx 000 0 und d
082 _a82-3
_bPOR
100 _aStegner, Page
245 4 _aThe Portable Nabokov
260 _aEngland
_bPenguin
_c1978
942 _cBK
999 _c33068
_d33068